Statistics for 2023 All Ireland Minor Football Championship Top Scorers

Click here to take the quiz!

General Stats

  • This quiz has been taken 4 times
  • The average score is 6 of 23

Answer Stats

NPlayerCountyPointsGoalsTotal% Correct
1Max McGinnityMonaghan33847
75%
17Charlie CoxGalway11619
50%
10Conall HigginsDerry22026
50%
14Darragh DonaghyTyrone50621
50%
2Lenny CahillDublin23844
50%
6Paddy LaneKerry22632
50%
3Paul HoneymanLeitrim33039
50%
4Adam GillespieLouth23036
25%
20Ben O'HaraCavan21117
25%
8Darragh BeirneMayo22127
25%
14John BoyleDerry02121
25%
8Matthew FinnMonaghan31827
25%
19Rory GilbertWexford40618
25%
10Shane CallaghanDonegal12326
25%
17D SheedyCork21319
0%
22G BarryClare21016
0%
5Joey CunninghamKildare03333
0%
20Niall HeneghanRoscommon30917
0%
12P CurryDublin60523
0%
14R McCullaghTyrone11821
0%
12S CoakleyCork41123
0%
22S McDonnellRoscommon01616
0%
7T LydonMayo12528
0%

Score Distribution

Percentile by Number Answered

Percent of People with Each Score

Your Score History

You have not taken this quiz